Jugar con la palabra: antología 1971-2000
-д хадгалсан:
| Үндсэн зохиолч: | |
|---|---|
| Формат: | Ном |
| Хэл сонгох: | испани |
| Хэвлэсэн: |
Santiago
Lom
2000
|
| Цуврал: | Colección Entre Mares. Poesía
|
| Нөхцлүүд: | |
| Шошгууд: |
Шошго нэмэх
Шошго байхгүй, Энэхүү баримтыг шошголох эхний хүн болох!
|
MARC
| LEADER | 00000nam a2200000 a 4500 | ||
|---|---|---|---|
| 001 | UCN0753 | ||
| 003 | CL-VaPUC | ||
| 008 | 010330e20000000CL |||||||||||||||||spa|d | ||
| 082 | 0 | 4 | |a Ch861 |b CAM |2 21 |
| 100 | 0 | |a Cameron, Juan |e author |9 455962 | |
| 245 | 1 | 0 | |a Jugar con la palabra: antología 1971-2000 |
| 300 | |a 196 p | ||
| 942 | |c BK | ||
| 945 | |d 20010330 00:00:00 |a vberengu | ||
| 260 | |a Santiago |b Lom |c 2000 | ||
| 650 | 0 | |a Literatura chilena |9 308278 | |
| 650 | 0 | |a Poesía chilena |9 268403 | |
| 583 | |a last modification |c 20010330 00:00:00 |k Rodrigo Vera | ||
| 490 | 0 | |a Colección Entre Mares. Poesía | |
| 999 | |c 294382 |d 294380 | ||
| 952 | |0 0 |1 0 |4 0 |6 CH_861_000000000000000_CAM_2000 |7 0 |8 A |9 346674 |a BIBEDU |b BIBEDU |c ES_NOD |d 2019-11-20 |i 3692906 |l 4 |o Ch861 CAM 2000 |p 3692906 |r 2025-04-28 |s 2025-04-24 |w 2019-11-20 |y BK |k LIT | ||
| 952 | |0 0 |1 0 |4 0 |6 CH_861_000000000000000_CAM_2000 |7 0 |8 A |9 346675 |a BIBEDU |b BIBEDU |c ES_NOD |d 2019-11-20 |i 3802892 |l 1 |o Ch861 CAM 2000 |p 3802892 |r 2023-11-14 |s 2023-11-07 |w 2019-11-20 |y BK |k LIT | ||